000 00298nam a2200121Ia 4500
008 190216s9999||||xx |||||||||||||| ||und||
100 _aIvar Utial
245 0 _aQuiz Time : Fully Rev And Updated Ed
260 _bPusthak Mahal
_c2005
300 _a204
650 _aGeneral Libraries
942 _cREF
999 _c36755
_d36755